| 000 | 00337nam a2200133 4500 | ||
|---|---|---|---|
| 005 | 20260530113853.0 | ||
| 100 | 1 |
_aNews and Programme _931471 |
|
| 245 | 1 | 0 | _aDesign & Architecture |
| 264 | 1 |
_bBritish Council _c2006 |
|
| 300 | _a16 páginas | ||
| 336 |
_atexto _2rdacontent |
||
| 337 |
_asin medio _2rdamedia |
||
| 338 |
_avolumen _2rdacarrier |
||
| 999 |
_c11539 _d11539 |
||